000 00478nam a2200229Ia 4500
003 IT-RoPAU
008 120407s9999 xx 000 0 und d
040 _aIT-RoPAU
040 _cIT-RoPAU
041 _aita
100 _aAntonio Hortelano
245 _aCelibato, punto interrogativo
250 _aAssisi
260 _aCittadella
260 _c1970
300 _a147 p.
300 _c19 cm
490 _v1
600 _a 1. Titolo
942 _cBK
999 _c25878
_d25878